مسلما نو ں کے عروج و زوال کا راز (Record no. 2152)

MARC details
000 -LEADER
fixed length control field 00993 a2200229 4500
005 - DATE AND TIME OF LATEST TRANSACTION
control field 20081010144347.0
008 - FIXED-LENGTH DATA ELEMENTS--GENERAL INFORMATION
fixed length control field 081010t xxu||||| |||| 00| 0 ur d
010 ## - LCCN (DPL NO)
LC control number UR-7216
020 ## - INTERNATIONAL STANDARD BOOK NUMBER
Terms of availability 40.00
035 ## - SYSTEM CONTROL NUMBER
System control number U-5783
037 ## - SOURCE OF ACQUISITION
Source of stock number/acquisition D.B.Act/pub
082 ## - DEWEY DECIMAL CLASSIFICATION NUMBER
Classification number 270.9
100 ## - MAIN ENTRY--PERSONAL NAME
Personal name عبد الر قيب
245 ## - TITLE STATEMENT
Title مسلما نو ں کے عروج و زوال کا راز
Statement of responsibility, etc عبد الرقيب
246 ## - VARYING FORM OF TITLE
Title proper/short title Muslmano ke urooj-o-zawal ka raaz
Remainder of title by Abdul Raqeeb
260 ## - PUBLICATION, DISTRIBUTION, ETC. (IMPRINT)
Place of publication, distribution, etc دھلی
Name of publisher, distributor, etc دارالاشا عت مصطفا‏ئ
Date of publication, distribution, etc 20007
270 ## - ADDRESS
Address 3191 ،وکيل والی گلی ،کو چہ پنڈت ،لال کنواں ،
City دھلی
Postal code 110006
Telephone number 23216162
Fax number 009101123211540
Electronic mail address mustafai@sify.com
300 ## - PHYSICAL DESCRIPTION
Extent 136p
Dimensions 22cm/(pbb)
650 ## - SUBJECT ADDED ENTRY--TOPICAL TERM
Topical term or geographic name as entry element مز ہبی کتا ب
942 ## - ADDED ENTRY ELEMENTS (KOHA)
Institution code [OBSOLETE] dpl
Item type Urdu Bks
Call number prefix
Source of classification or shelving scheme Dewey Decimal Classification
Classification part 270.9
Call number suffix ع ب د
Holdings
Withdrawn status Lost status Source of classification or shelving scheme Damaged status Not for loan Collection code Home library Current library Date acquired Cost, normal purchase price Total Checkouts Full call number Barcode Date last seen Copy number Cost, replacement price Koha item type
    Dewey Decimal Classification   Not For Loan Non-fiction D.B.Act.Division D.B.Act.Division 10/10/2008 40.00   270.9 ع ب د U-5783 15/09/2008 1 40.00 Urdu Bks

© Delhi Public Library
Hit Counter
free hit counter